Актуальные вопросы пресноводной аквакультуры (Запись № 2019765)

Подробности
000 -МАРКЕР
контрольное поле 03338nas1a22003131 4500
001 - ИДЕНТИФИКАТОР ЗАПИСИ
контрольное поле RU\NLR\Per\792958
005 - ИДЕНТИФИКАТОР ВЕРСИИ
контрольное поле 20260506142935.0
035 ## - ДРУГИЕ СИСТЕМНЫЕ НОМЕРА
Идентификатор записи (NLR Aleph) 003037773
100 ## - ДАННЫЕ ОБЩЕЙ ОБРАБОТКИ
Данные общей обработки 20260510 rusy50
101 0# - ЯЗЫК РЕСУРСА
Язык текста, звукозаписи и т.д. русский
102 ## - СТРАНА ПУБЛИКАЦИИ ИЛИ ПРОИЗВОДСТВА
Страна публикации Российская Федерация
110 ## - ПОЛЕ КОДИРОВАННЫХ ДАННЫХ: ПРОДОЛЖАЮЩИЕСЯ РЕСУРСЫ
Кодированные данные продолжающегося ресурса zu|||||||||
200 1# - ЗАГЛАВИЕ И СВЕДЕНИЯ ОБ ОТВЕТСТВЕННОСТИ
Основное заглавие Актуальные вопросы пресноводной аквакультуры
Сведения, относящиеся к заглавию сборник научных трудов
Первые сведения об ответственности Федерал. гос. унитар. предприятие Всерос. НИИ пресновод. рыб. хоз-ва (ФГУП ВНИИПРХ)
207 #0 - ОБЛАСТЬ СПЕЦИФИЧЕСКИХ СВЕДЕНИЙ: НУМЕРАЦИЯ ПРОДОЛЖАЮЩИХСЯ РЕСУРСОВ
Нумерация: даты и обозначения томов Вып. 80 (2005) -
210 ## - ПУБЛИКАЦИЯ, РАСПРОСТРАНЕНИЕ И ДР.
Место издания, распространения и т.д. Москва
Имя издателя, распространителя и т. д. Всероссийский НИИ пресноводного рыбного хозяйства (ВНИИПРХ)
Дата издания, распространения и т.д. 2005 -
300 ## - ОБЩИЕ ПРИМЕЧАНИЯ
Текст примечания В надзаг. также: Федерал. агентство по рыболовству
311 ## - ПРИМЕЧАНИЯ, ОТНОСЯЩИЕСЯ К ПОЛЯМ СВЯЗИ (ПРИМЕЧАНИЯ О СВЯЗИ С ДРУГИМИ ПРОИЗВЕДЕНИЯМИ (ИЗДАНИЯМИ))
Текст примечания Ранее выходил как: Сборник научных трудов / Всерос. НИИ пресновод. рыб. хоз-ва
430 #0 - ПРОДОЛЖЕН
Встроенное поле 2001#$aСборник научных трудов
-- 71002$3RU\NLR\AUTH\8810028265$aВсероссийский НИИ пресноводного рыбного хозяйства$4070
Заглавие Сборник научных трудов
Автор Всероссийский НИИ пресноводного рыбного хозяйства
712 02 - НАИМЕНОВАНИЕ ОРГАНИЗАЦИИ - ВТОРИЧНАЯ ОТВЕТСТВЕННОСТЬ
Код отношения Прочие
Начальный элемент ввода Всероссийский НИИ пресноводного рыбного хозяйства
Системный номер авторитетной/нормативной записи 555059
Идентификатор авторитетной/нормативной записи RU\NLR\AUTH\8810028265
712 02 - НАИМЕНОВАНИЕ ОРГАНИЗАЦИИ - ВТОРИЧНАЯ ОТВЕТСТВЕННОСТЬ
Код отношения Прочие
Начальный элемент ввода Всероссийский НИИ рыбного хозяйства и океанографии
Структурное подразделение Филиал по пресноводному рыбному хозяйству
Идентифицирующий признак пос. Рыбное, Московская обл.
Системный номер авторитетной/нормативной записи 750851
Идентификатор авторитетной/нормативной записи RU\NLR\AUTH\880543229
852 ## - МЕСТОНАХОЖДЕНИЕ И ШИФР ХРАНЕНИЯ
Идентификатор организации NLR
Шифр хранения (Call Number) П13/1254
942 ## - ДОПОЛНИТЕЛЬНЫЕ ЭЛЕМЕНТЫ ЗАПИСИ (АБИС)
Тип экземпляра АБИС Продолжающееся издание
980 ## - КОЛЛЕКЦИЯ
Название коллекции Национальная библиография
980 ## - КОЛЛЕКЦИЯ
Название коллекции Русская периодика

Нет доступных экземпляров.